[Event "Wellington CC-chB"]
[Site "Wellington"]
[Date "2016.11.24"]
[Round "12"]
[White "Wilkins, Mark"]
[Black "Farrington, Lawrence B"]
[Result "0-1"]
[WhiteElo "1969"]
[BlackElo "1811"]
[PlyCount "64"]
[EventDate "2016.09.08"]
[EventType "tourn"]
[EventRounds "11"]
[EventCountry "NZL"]
[SourceTitle "EXT 2018"]
[Source "ChessBase"]
[SourceDate "2017.10.13"]
[SourceVersion "1"]
[SourceVersionDate "2017.10.13"]
[SourceQuality "1"]

1. d4 d5 2. Nf3 Nf6 3. Bg5 e6 4. Nbd2 h6 5. Bxf6 Qxf6 6. e4 c5 7. c3 Nc6 8. exd5 exd5 9. dxc5 Bxc5 10. Nb3 Qe6+ 11. Be2 Bb6 12. 0-0 0-0 13. Re1 Rd8 14. Nbd4 Qf6 15. Qd2 Bg4 16. Rad1 Bh5 17. Nb3 Bg6 18. Nfd4 Re8 19. Bf3 Be4 20. Re3 Re7 21. Qc1 Rae8 22. h3 Qg6 23. c4 dxc4 24. Qxc4 Bxf3 25. Rxf3 Ne5 26. Qc3 Nxf3+ 27. Nxf3 Rc7 28. Qd3 Qxd3 29. Rxd3 Re2 30. Rd2 Rxd2 31. Nfxd2 Rc2 32. Kf1 Rxb2 0-1

[Event "Wellington CC-chB"]
[Site "Wellington"]
[Date "2016.11.10"]
[Round "10"]
[White "Stone, Andrew"]
[Black "Wilkins, Mark"]
[Result "1-0"]
[WhiteElo "2047"]
[BlackElo "1969"]
[PlyCount "57"]
[EventDate "2016.09.08"]
[EventType "tourn"]
[EventRounds "11"]
[EventCountry "NZL"]
[SourceTitle "EXT 2018"]
[Source "ChessBase"]
[SourceDate "2017.10.13"]
[SourceVersion "1"]
[SourceVersionDate "2017.10.13"]
[SourceQuality "1"]

1. e4 c6 2. c4 d5 3. exd5 cxd5 4. cxd5 Nf6 5. Qa4+ Bd7 6. Qb3 Qc8 7. Nc3 a6 8. Nf3 e6 9. d4 exd5 10. Nxd5 Nxd5 11. Qxd5 Be6 12. Qe4 Bb4+ 13. Bd2 Bxd2+ 14. Nxd2 0-0 15. Bd3 Re8 16. Qxh7+ Kf8 17. 0-0 Nc6 18. Ne4 Ke7 19. Qxg7 Rg8 20. Qf6+ Kf8 21. Ng5 Qd7 22. Qh6+ Ke8 23. Bh7 Rh8 24. d5 Qxd5 25. Rad1 Qc5 26. Rfe1 Rd8 27. Qf6 Rf8 28. Nxe6 fxe6 29. Bg6+ 1-0

[Event "Wellington CC-chB"]
[Site "Wellington"]
[Date "2016.09.15"]
[Round "2"]
[White "Wilkins, Mark"]
[Black "Coghini, Phillip G"]
[Result "0-1"]
[WhiteElo "1969"]
[BlackElo "1872"]
[PlyCount "84"]
[EventDate "2016.09.08"]
[EventType "tourn"]
[EventRounds "11"]
[EventCountry "NZL"]
[SourceTitle "EXT 2018"]
[Source "ChessBase"]
[SourceDate "2017.10.13"]
[SourceVersion "1"]
[SourceVersionDate "2017.10.13"]
[SourceQuality "1"]

1. d4 Nf6 2. Bg5 h6 3. Bxf6 exf6 4. e3 d5 5. Nd2 Bd6 6. c4 c6 7. cxd5 cxd5 8. Rc1 0-0 9. g3 Nd7 10. Bg2 Nb6 11. Ngf3 Bf5 12. 0-0 Re8 13. Qb3 a5 14. Nh4 a4 15. Qb5 Bd7 16. Qd3 Bf8 17. Rfe1 g6 18. e4 Bc6 19. Re2 Qd7 20. Ree1 Kh7 21. Kh1 Bb4 22. a3 Bxd2 23. Qxd2 dxe4 24. Rc5 f5 25. Rd1 Nd5 26. Bh3 e3 27. fxe3 Nxe3+ 28. Kg1 b6 29. Rxc6 Qxc6 30. d5 Qc5 31. Rc1 Nc4+ 32. Qf2 Qxf2+ 33. Kxf2 Nxb2 34. Bf1 Rac8 35. Rc6 Red8 36. Bg2 Nc4 37. Nf3 Nxa3 38. Ne5 Kg7 39. Rxb6 Nc4 40. Nxc4 Rxc4 41. Ra6 Rc2+ 42. Kf1 Rb8 0-1

[Event "Wellington CC Summer Cup"]
[Site "Wellington"]
[Date "2015.03.26"]
[Round "7"]
[White "Coghini, Phillip G"]
[Black "Wilkins, Mark"]
[Result "1/2-1/2"]
[WhiteElo "1747"]
[BlackElo "1954"]
[PlyCount "67"]
[EventDate "2015.02.05"]
[EventType "swiss"]
[EventRounds "8"]
[EventCountry "NZL"]
[SourceTitle "EXT 2018"]
[Source "ChessBase"]
[SourceDate "2017.10.13"]
[SourceVersion "1"]
[SourceVersionDate "2017.10.13"]
[SourceQuality "1"]

1. d4 Nf6 2. Bg5 Ne4 3. Bf4 c5 4. f3 Nf6 5. d5 Qb6 6. Bc1 g6 7. e4 d6 8. b3 Bg7 9. Bb2 Bd7 10. Nd2 Qa5 11. Ne2 b5 12. a3 Na6 13. Bc3 Qb6 14. Rb1 0-0 15. g4 e5 16. h4 h5 17. g5 Ne8 18. Bh3 Qc7 19. f4 exf4 20. Bxg7 Nxg7 21. Nxf4 Rae8 22. 0-0 Bxh3 23. Nxh3 Re5 24. Qf3 Nb8 25. Nf4 Nd7 26. c4 b4 27. a4 Re7 28. Nd3 Ne5 29. Nxe5 Rxe5 30. Rf2 Qe7 31. Rbf1 Ne8 32. Qg3 Kg7 33. Rf6 Qd7 34. R6f4 1/2-1/2

[Event "Wellington CC Summer Cup"]
[Site "Wellington"]
[Date "2015.02.05"]
[Round "1"]
[White "Wilkins, Mark"]
[Black "Meravanage, Satwik"]
[Result "1-0"]
[WhiteElo "1954"]
[BlackElo "1300"]
[PlyCount "33"]
[EventDate "2015.02.05"]
[EventType "swiss"]
[EventRounds "8"]
[EventCountry "NZL"]
[SourceTitle "EXT 2018"]
[Source "ChessBase"]
[SourceDate "2017.10.13"]
[SourceVersion "1"]
[SourceVersionDate "2017.10.13"]
[SourceQuality "1"]

1. d4 d5 2. c4 c6 3. Nc3 Nf6 4. Nf3 e6 5. e3 Be7 6. Bd3 b6 7. cxd5 cxd5 8. 0-0 0-0 9. Ne5 Nfd7 10. f4 f6 11. Qh5 f5 12. g4 g6 13. Nxg6 hxg6 14. Qxg6+ Kh8 15. Rf3 Ba6 16. Rh3+ Bh4 17. g5 1-0

[Event "Wellington CC-chB"]
[Site "Wellington"]
[Date "2014.11.06"]
[Round "7"]
[White "Wilkins, Mark"]
[Black "Brockway, Andrew"]
[Result "1-0"]
[WhiteElo "1904"]
[BlackElo "1727"]
[PlyCount "108"]
[EventDate "2014.09.25"]
[EventType "tourn"]
[EventRounds "9"]
[EventCountry "NZL"]
[SourceTitle "EXT 2018"]
[Source "ChessBase"]
[SourceDate "2017.10.13"]
[SourceVersion "1"]
[SourceVersionDate "2017.10.13"]
[SourceQuality "1"]

1. d4 d5 2. e3 Nf6 3. Bd3 c6 4. f4 Bg4 5. Nf3 e6 6. c3 Nbd7 7. 0-0 Ne4 8. Qb3 Qb6 9. Qc2 Bxf3 10. Rxf3 f5 11. b3 Ndf6 12. a4 a5 13. Bd2 Be7 14. Be1 Qc7 15. Nd2 Nxd2 16. Bxd2 Ne4 17. Be1 g5 18. Bxe4 dxe4 19. Rf1 g4 20. Qe2 Qd7 21. b4 Kf7 22. bxa5 Rxa5 23. c4 Ra6 24. Bc3 Rha8 25. a5 Bd8 26. Qd2 Be7 27. Rfd1 Rd8 28. Rdb1 Rb8 29. Rb2 Qd8 30. c5 Qd7 31. Rab1 Rd8 32. Rxb7 Qd5 33. Qe2 Rda8 34. R1b6 R6a7 35. Rxa7 Rxa7 36. a6 Bd8 37. Rb7+ Rxb7 38. axb7 Qb3 39. Qb2 Qxb2 40. Bxb2 Bc7 41. Bc3 h5 42. Ba5 Bb8 43. Kf2 Kg6 44. Bd8 Kf7 45. Ke2 Ke8 46. Bb6 Kf7 47. Kd2 Kg6 48. Kc3 h4 49. h3 Kh5 50. Bd8 g3 51. Kb4 Kg6 52. Ka5 Bxf4 53. exf4 e3 54. b8Q e2 1-0

[Event "Wellington CC-chB"]
[Site "Wellington"]
[Date "2014.09.25"]
[Round "1"]
[White "Wilkins, Mark"]
[Black "Nicholls, Alistair"]
[Result "1-0"]
[WhiteElo "1886"]
[BlackElo "1850"]
[PlyCount "61"]
[EventDate "2014.09.25"]
[EventType "tourn"]
[EventRounds "9"]
[EventCountry "NZL"]
[SourceTitle "EXT 2018"]
[Source "ChessBase"]
[SourceDate "2017.10.13"]
[SourceVersion "1"]
[SourceVersionDate "2017.10.13"]
[SourceQuality "1"]

1. d4 d5 2. c4 e5 3. dxe5 d4 4. Nf3 Nc6 5. Bg5 Nge7 6. Nbd2 h6 7. Bh4 g5 8. Bg3 Ng6 9. Ne4 Bg7 10. Nf6+ Bxf6 11. exf6 Qxf6 12. Bxc7 g4 13. Nd2 Bf5 14. Qb3 Rc8 15. Qxb7 0-0 16. g3 Nge5 17. Bxe5 Qxe5 18. Qb5 Qf6 19. Bg2 d3 20. e3 Rfe8 21. 0-0 Ne5 22. Rad1 Rb8 23. Qa4 Bd7 24. Qxa7 Rxb2 25. Kh1 Bc6 26. Qc5 Bxg2+ 27. Kxg2 Rxd2 28. Rxd2 Nf3 29. Rxd3 Re5 30. Qc8+ Kh7 31. Qxg4 1-0

[Event "Wellington Mazur Memorial"]
[Site "Wellington"]
[Date "2014.08.28"]
[Round "6"]
[White "Wilkins, Mark"]
[Black "Aldridge, Alan L"]
[Result "1-0"]
[WhiteElo "1886"]
[BlackElo "1951"]
[PlyCount "87"]
[EventDate "2014.07.24"]
[EventType "swiss"]
[EventRounds "8"]
[EventCountry "NZL"]
[SourceTitle "EXT 2018"]
[Source "ChessBase"]
[SourceDate "2017.10.13"]
[SourceVersion "1"]
[SourceVersionDate "2017.10.13"]
[SourceQuality "1"]

1. d4 Nf6 2. Bg5 d5 3. Bxf6 exf6 4. e3 Bd6 5. Bd3 Be6 6. Ne2 Nd7 7. Nd2 f5 8. c3 Nf6 9. Qc2 Ne4 10. Nf3 c6 11. b3 0-0 12. g3 Rc8 13. h4 f6 14. Nf4 Bxf4 15. gxf4 Bf7 16. h5 c5 17. dxc5 Rxc5 18. Bxe4 fxe4 19. Nd4 Qc8 20. Rc1 a5 21. f5 b5 22. Rg1 Re8 23. Qe2 Rxc3 24. Rd1 Rc1 25. Qg4 Qc3+ 26. Kf1 Rxd1+ 27. Qxd1 Qd3+ 28. Qxd3 exd3 29. h6 g6 30. Ke1 a4 31. b4 Rc8 32. Kd2 Kf8 33. Kxd3 Rc4 34. a3 gxf5 35. f4 Bg6 36. Nxb5 Ke7 37. Nc3 Rc8 38. Ra1 Be8 39. Rb1 Kd6 40. Kd2 Rc4 41. Ne2 Rc8 42. Nd4 Bd7 43. Rg1 Be8 44. Nxf5+ 1-0

[Event "Wellington Mazur Memorial"]
[Site "Wellington"]
[Date "2014.08.21"]
[Round "5"]
[White "Stracy, Don M"]
[Black "Wilkins, Mark"]
[Result "1/2-1/2"]
[WhiteElo "1855"]
[BlackElo "1886"]
[PlyCount "29"]
[EventDate "2014.07.24"]
[EventType "swiss"]
[EventRounds "8"]
[EventCountry "NZL"]
[SourceTitle "EXT 2018"]
[Source "ChessBase"]
[SourceDate "2017.10.13"]
[SourceVersion "1"]
[SourceVersionDate "2017.10.13"]
[SourceQuality "1"]

1. e4 c6 2. Nc3 d5 3. Nf3 Nf6 4. e5 Ne4 5. Ne2 Bf5 6. d3 Nc5 7. Ned4 e6 8. Nxf5 exf5 9. Nd4 g6 10. Be2 Bg7 11. f4 Qh4+ 12. g3 Qe7 13. Bf3 Nbd7 14. Qe2 0-0 15. 0-0 1/2-1/2

[Event "Wellington CC Autumn Cup-B"]
[Site "Wellington"]
[Date "2014.05.29"]
[Round "5"]
[White "Aldridge, Alan L"]
[Black "Wilkins, Mark"]
[Result "1/2-1/2"]
[WhiteElo "1980"]
[BlackElo "1898"]
[PlyCount "43"]
[EventDate "2014.05.01"]
[EventType "tourn"]
[EventRounds "5"]
[EventCountry "NZL"]
[SourceTitle "EXT 2018"]
[Source "ChessBase"]
[SourceDate "2017.10.13"]
[SourceVersion "1"]
[SourceVersionDate "2017.10.13"]
[SourceQuality "1"]

1. d4 Nf6 2. c4 e6 3. Nc3 Bb4 4. Qc2 0-0 5. Nf3 d5 6. Bg5 h6 7. Bxf6 Qxf6 8. e3 c5 9. a3 cxd4 10. axb4 dxc3 11. Qxc3 Qxc3+ 12. bxc3 dxc4 13. Bxc4 b6 14. 0-0 Bb7 15. Ne5 Rc8 16. Ra3 Nc6 17. Nxc6 Rxc6 18. Be2 Rc7 19. h3 Bd5 20. Rc1 Bc4 21. Kf1 Kf8 22. Bxc4 1/2-1/2

[Event "Wellington CC Summer Cup"]
[Site "Wellington"]
[Date "2013.04.04"]
[Round "7"]
[White "Farrington, Lawrence B"]
[Black "Wilkins, Mark"]
[Result "0-1"]
[WhiteElo "1730"]
[BlackElo "1909"]
[PlyCount "102"]
[EventDate "2013.02.07"]
[EventType "swiss"]
[EventRounds "8"]
[EventCountry "NZL"]
[SourceTitle "EXT 2018"]
[Source "ChessBase"]
[SourceDate "2017.10.13"]
[SourceVersion "1"]
[SourceVersionDate "2017.10.13"]
[SourceQuality "1"]

1. e4 c6 2. d4 d5 3. exd5 cxd5 4. c4 Nf6 5. Nc3 Nc6 6. Nf3 e6 7. Bg5 Be7 8. cxd5 Nxd5 9. Bxe7 Ncxe7 10. Bd3 Nf4 11. 0-0 Nxd3 12. Qxd3 Nd5 13. Rac1 0-0 14. Ne5 a6 15. Rfd1 f6 16. Nf3 b5 17. Nxd5 Qxd5 18. b3 Bb7 19. Ne1 Rac8 20. f3 Rfd8 21. Rc5 Qd7 22. Rxc8 Qxc8 23. Nc2 Qc7 24. Qe2 Qb6 25. Kh1 b4 26. Re1 Bd5 27. Qd2 a5 28. Qe2 Kf7 29. Qd3 h6 30. Rd1 Rc8 31. Ne3 Rc3 32. Qd2 Qc6 33. h3 Qc7 34. Qe2 Qb7 35. Re1 Qd7 36. Rd1 Bc6 37. Nc4 Qd5 38. Qe4 Qxc4 39. bxc4 Bxe4 40. fxe4 Rxc4 41. Rd2 Ke7 42. Kg1 a4 43. Kf1 b3 44. axb3 axb3 45. Ke2 Rb4 46. Rb2 Rxd4 47. Ke3 Rb4 48. Kd3 Kd6 49. Kc3 Rb6 50. Rd2+ Ke5 51. Re2 b2 0-1

[Event "Wellington CC Summer Cup"]
[Site "Wellington"]
[Date "2013.02.21"]
[Round "3"]
[White "Wilkins, Mark"]
[Black "List, Robert"]
[Result "0-1"]
[WhiteElo "1909"]
[BlackElo "1626"]
[PlyCount "118"]
[EventDate "2013.02.07"]
[EventType "swiss"]
[EventRounds "8"]
[EventCountry "NZL"]
[SourceTitle "EXT 2018"]
[Source "ChessBase"]
[SourceDate "2017.10.13"]
[SourceVersion "1"]
[SourceVersionDate "2017.10.13"]
[SourceQuality "1"]

1. e4 c5 2. d4 cxd4 3. c3 dxc3 4. Nxc3 Nc6 5. Nf3 d6 6. Bc4 e6 7. 0-0 Nf6 8. Bg5 Be7 9. Re1 a6 10. a3 Qb6 11. Qc2 Bd7 12. b4 Rc8 13. Be3 Qc7 14. Nd2 Ne5 15. Rac1 Nxc4 16. Ne2 b5 17. Qa2 Qb7 18. Nxc4 bxc4 19. Rxc4 Rxc4 20. Qxc4 Bb5 21. Qc3 e5 22. f3 0-0 23. Qd2 Bxe2 24. Rxe2 Nxe4 25. fxe4 Qxe4 26. Bf2 Qb7 27. Qb2 f5 28. Rd2 Rd8 29. a4 Bf6 30. b5 e4 31. Qb3+ d5 32. Bd4 Bxd4+ 33. Rxd4 Qb6 34. Qb2 axb5 35. axb5 Rb8 36. Qd2 Qxb5 37. Rxd5 Qb1+ 38. Qd1 e3 39. Kf1 Qxd1+ 40. Rxd1 g5 41. Ke2 f4 42. Kf3 h6 43. g3 Rf8 44. gxf4 gxf4 45. h4 Kg7 46. Rg1+ Kh7 47. Rg2 Rf5 48. Rc2 h5 49. Rg2 Re5 50. Re2 Rf5 51. Rg2 Kh6 52. Re2 Kg6 53. Rb2 Rf6 54. Rg2+ Kf7 55. Rg5 Re6 56. Rf5+ Kg6 57. Rg5+ Kf6 58. Rxh5 Re5 59. Rh6+ Kg7 0-1

[Event "Wellington Mazur Memorial"]
[Site "Wellington"]
[Date "2012.11.29"]
[Round "5"]
[White "Sellen, Ian"]
[Black "Wilkins, Mark"]
[Result "1/2-1/2"]
[WhiteElo "2039"]
[BlackElo "1917"]
[PlyCount "81"]
[EventDate "2012.11.01"]
[EventType "swiss"]
[EventRounds "7"]
[EventCountry "NZL"]
[SourceTitle "EXT 2018"]
[Source "ChessBase"]
[SourceDate "2017.10.13"]
[SourceVersion "1"]
[SourceVersionDate "2017.10.13"]
[SourceQuality "1"]

1. c4 Nf6 2. g3 e5 3. Nc3 Nc6 4. Nf3 Be7 5. Bg2 0-0 6. 0-0 d6 7. d4 exd4 8. Nxd4 Ne5 9. b3 c6 10. f4 Ng6 11. h3 d5 12. cxd5 Nxd5 13. Nxd5 cxd5 14. Bb2 Bc5 15. Qc2 Qb6 16. Rad1 Re8 17. Kh2 Ne7 18. Qc3 Bb4 19. Qd3 Bd7 20. a3 Bc5 21. b4 Bxd4 22. Bxd4 Qb5 23. Be5 Qxd3 24. exd3 Ba4 25. Rc1 Rac8 26. Bd4 Nc6 27. Bg1 Rcd8 28. Rfe1 Re6 29. Rxe6 fxe6 30. Re1 Kf7 31. Bf3 Bb5 32. d4 a5 33. Rc1 axb4 34. axb4 Ra8 35. Rc5 Bc4 36. b5 Ne7 37. Rc7 Bxb5 38. Rxb7 Ra2+ 39. Kh1 Bd3 40. Rb3 Bf1 41. h4 1/2-1/2

[Event "Wellington Mazur Memorial"]
[Site "Wellington"]
[Date "2012.11.01"]
[Round "1"]
[White "List, Robert"]
[Black "Wilkins, Mark"]
[Result "0-1"]
[WhiteElo "1539"]
[BlackElo "1917"]
[PlyCount "46"]
[EventDate "2012.11.01"]
[EventType "swiss"]
[EventRounds "7"]
[EventCountry "NZL"]
[SourceTitle "EXT 2018"]
[Source "ChessBase"]
[SourceDate "2017.10.13"]
[SourceVersion "1"]
[SourceVersionDate "2017.10.13"]
[SourceQuality "1"]

1. e4 d5 2. e5 c5 3. c3 Bf5 4. d4 Nc6 5. Nf3 e6 6. Be3 cxd4 7. cxd4 Qb6 8. b3 Bb4+ 9. Nbd2 Nge7 10. Be2 Ba3 11. Nh4 Bb2 12. Nxf5 Nxf5 13. Rb1 Bxd4 14. Bxd4 Nfxd4 15. 0-0 Nxe5 16. Kh1 0-0 17. f4 Nxe2 18. fxe5 Nc3 19. Qc2 Nxb1 20. Qxb1 Rac8 21. Rf4 Qe3 22. Rh4 h6 23. Qd1 Rc2 0-1

[Event "Wellington Mazur Memorial"]
[Site "Wellington"]
[Date "2011.11.22"]
[Round "6"]
[White "Nyberg, Michael"]
[Black "Wilkins, Mark"]
[Result "1-0"]
[WhiteElo "2061"]
[BlackElo "1918"]
[PlyCount "57"]
[EventDate "2011.10.18"]
[EventType "swiss"]
[EventRounds "7"]
[EventCountry "NZL"]
[SourceTitle "EXT 2018"]
[Source "ChessBase"]
[SourceDate "2017.10.13"]
[SourceVersion "1"]
[SourceVersionDate "2017.10.13"]
[SourceQuality "1"]

1. c4 Nf6 2. Nf3 e6 3. Nc3 b6 4. g3 Bb7 5. Bg2 Be7 6. 0-0 0-0 7. d4 d5 8. cxd5 exd5 9. Bf4 Re8 10. Rc1 Na6 11. Re1 Ne4 12. Ne5 Nxc3 13. bxc3 c6 14. Qa4 b5 15. Qb3 Nc7 16. e4 Ne6 17. Bd2 Bf6 18. exd5 cxd5 19. Qxb5 Rb8 20. Nd7 a6 21. Qa4 Rc8 22. Ne5 Re7 23. f4 Rec7 24. Qb3 Ba8 25. f5 Nf8 26. Bf4 g5 27. fxg6 hxg6 28. Ng4 Re7 29. Nxf6+ 1-0

[Event "Wellington CC-chA"]
[Site "Wellington"]
[Date "2011.08.09"]
[Round "3"]
[White "Wilkins, Mark"]
[Black "Sellen, Ian"]
[Result "1/2-1/2"]
[WhiteElo "1955"]
[BlackElo "1980"]
[PlyCount "87"]
[EventDate "2011.07.26"]
[EventType "tourn"]
[EventRounds "9"]
[EventCountry "NZL"]
[SourceTitle "EXT 2018"]
[Source "ChessBase"]
[SourceDate "2017.10.13"]
[SourceVersion "1"]
[SourceVersionDate "2017.10.13"]
[SourceQuality "1"]

1. d4 d5 2. c4 e6 3. Nc3 Nf6 4. cxd5 exd5 5. Bg5 c6 6. e3 Bf5 7. Qb3 b6 8. Rc1 h6 9. Bxf6 gxf6 10. Nge2 Qd6 11. Nf4 Qb4 12. Qxb4 Bxb4 13. a3 Bd6 14. Nh5 Ke7 15. Ne2 Rc8 16. Nef4 Nd7 17. Ba6 Rc7 18. Be2 Be6 19. Bf3 f5 20. h3 Nf6 21. Nxf6 Kxf6 22. Kd2 b5 23. Rc2 b4 24. axb4 Rb8 25. Nd3 Bxb4+ 26. Nxb4 Rxb4 27. Ra1 Ke7 28. Ra6 Kd6 29. Kc1 f4 30. Rc3 Bc8 31. Ra2 fxe3 32. fxe3 f5 33. Bd1 f4 34. Ra4 Rxa4 35. Bxa4 f3 36. gxf3 Bxh3 37. e4 dxe4 38. fxe4 Bg2 39. Bc2 Rg7 40. Rc5 Rg5 41. Rxg5 hxg5 42. Kd2 c5 43. Ke3 cxd4+ 44. Kxd4 1/2-1/2

[Event "Wellington CC-chA"]
[Site "Wellington"]
[Date "2011.08.02"]
[Round "2"]
[White "Forster, William"]
[Black "Wilkins, Mark"]
[Result "1/2-1/2"]
[WhiteElo "1913"]
[BlackElo "1955"]
[PlyCount "55"]
[EventDate "2011.07.26"]
[EventType "tourn"]
[EventRounds "9"]
[EventCountry "NZL"]
[SourceTitle "EXT 2018"]
[Source "ChessBase"]
[SourceDate "2017.10.13"]
[SourceVersion "1"]
[SourceVersionDate "2017.10.13"]
[SourceQuality "1"]

1. Nf3 Nf6 2. c4 d5 3. cxd5 Nxd5 4. g3 e6 5. Bg2 c5 6. 0-0 Nc6 7. Nc3 Be7 8. d3 0-0 9. Bd2 a6 10. a3 f5 11. Rb1 Bd7 12. b4 cxb4 13. Nxd5 exd5 14. axb4 Bf6 15. Qb3 Ne7 16. Rfc1 Kh8 17. Bf4 Rc8 18. Be5 Qb6 19. e3 Be6 20. Bxf6 Rxf6 21. Nd4 Bd7 22. Rxc8+ Bxc8 23. Rc1 Qd8 24. Rc5 b6 25. Rc1 Bb7 26. Qa4 b5 27. Qa5 Qxa5 28. bxa5 1/2-1/2

[Event "Wellington CC Summer Cup"]
[Site "Wellington"]
[Date "2011.03.08"]
[Round "6"]
[White "Veldhuizen, Matt"]
[Black "Wilkins, Mark"]
[Result "0-1"]
[WhiteElo "1387"]
[BlackElo "1924"]
[PlyCount "72"]
[EventDate "2011.02.01"]
[EventType "swiss"]
[EventRounds "8"]
[EventCountry "NZL"]
[SourceTitle "EXT 2018"]
[Source "ChessBase"]
[SourceDate "2017.10.13"]
[SourceVersion "1"]
[SourceVersionDate "2017.10.13"]
[SourceQuality "1"]

1. c4 Nf6 2. g3 c5 3. Bg2 Nc6 4. Nc3 d6 5. e3 g6 6. Nge2 Bg7 7. 0-0 0-0 8. d4 Bg4 9. Qd2 e5 10. f3 exd4 11. exd4 Bd7 12. dxc5 dxc5 13. f4 Re8 14. a3 Bg4 15. Rf2 Qxd2 16. Bxd2 Rad8 17. Be1 Bxe2 18. Rxe2 Rxe2 19. Nxe2 Re8 20. Bxc6 bxc6 21. Nc3 Ne4 22. Nxe4 Rxe4 23. Bf2 Rxc4 24. Rb1 a5 25. b3 Rc2 26. a4 Bd4 27. Bxd4 cxd4 28. b4 axb4 29. Rxb4 c5 30. Rb5 d3 31. Rb8+ Kg7 32. Rd8 c4 33. Kf1 Ra2 34. Ke1 Rxa4 35. Kd2 Ra2+ 36. Kc3 Rc2+ 0-1

[Event "Wellington CC Summer Cup"]
[Site "Wellington"]
[Date "2011.02.22"]
[Round "4"]
[White "Wilkins, Mark"]
[Black "Riley, Tim W"]
[Result "0-1"]
[WhiteElo "1924"]
[BlackElo "1765"]
[PlyCount "104"]
[EventDate "2011.02.01"]
[EventType "swiss"]
[EventRounds "8"]
[EventCountry "NZL"]
[SourceTitle "EXT 2018"]
[Source "ChessBase"]
[SourceDate "2017.10.13"]
[SourceVersion "1"]
[SourceVersionDate "2017.10.13"]
[SourceQuality "1"]

1. d4 Nf6 2. Bg5 c5 3. Bxf6 exf6 4. d5 f5 5. Nf3 d6 6. e3 a6 7. a4 g6 8. Be2 Bg7 9. c3 0-0 10. 0-0 Nd7 11. Na3 Rb8 12. Nc4 Qc7 13. Qc2 b6 14. Na3 Nf6 15. Rfd1 Bb7 16. c4 Rfe8 17. Nb1 Bc8 18. Nc3 Bd7 19. Ra2 Ne4 20. Nxe4 fxe4 21. Nd2 f5 22. Rda1 h6 23. Nb1 a5 24. Nc3 Qd8 25. Kh1 Qh4 26. g3 Qg5 27. Rg1 h5 28. h4 Qe7 29. Raa1 Bf6 30. Rg2 Kf7 31. Re1 Rh8 32. Qd1 Be5 33. Reg1 Qf6 34. Qc2 g5 35. Rh2 Rbg8 36. Qb3 Qd8 37. Rgg2 Bf6 38. Nb5 Bxb5 39. Qxb5 gxh4 40. gxh4 Rxg2 41. Kxg2 Bxh4 42. Qc6 Kg6 43. Kf1 Bf6 44. f4 h4 45. Qb7 h3 46. b3 Bc3 47. Qc6 Bd2 48. Bh5+ Rxh5 49. Rxd2 h2 50. Rg2+ Kh6 51. Qb7 h1Q+ 52. Rg1 Qf3+ 0-1

[Event "Wellington CC Summer Cup"]
[Site "Wellington"]
[Date "2011.02.01"]
[Round "1"]
[White "Wilkins, Mark"]
[Black "Theodosiou, Andreas"]
[Result "1-0"]
[WhiteElo "1924"]
[BlackElo "1259"]
[PlyCount "65"]
[EventDate "2011.02.01"]
[EventType "swiss"]
[EventRounds "8"]
[EventCountry "NZL"]
[SourceTitle "EXT 2018"]
[Source "ChessBase"]
[SourceDate "2017.10.13"]
[SourceVersion "1"]
[SourceVersionDate "2017.10.13"]
[SourceQuality "1"]

1. d4 d5 2. c4 Nf6 3. Nc3 e6 4. cxd5 Nxd5 5. e4 Nxc3 6. bxc3 c5 7. Nf3 cxd4 8. cxd4 b6 9. Bb5+ Bd7 10. Bc4 Bb4+ 11. Bd2 Bxd2+ 12. Qxd2 b5 13. Bd3 Bc6 14. 0-0 a6 15. Qb4 Nd7 16. Rfe1 Qe7 17. Qc3 Rc8 18. d5 Bb7 19. Qxg7 Qf6 20. Qg4 Kf8 21. e5 Qe7 22. d6 Qd8 23. Be4 Rc4 24. Qf4 Rxe4 25. Rxe4 Bxe4 26. Qxe4 h5 27. h4 Rh6 28. Ng5 Kg7 29. Rc1 Qe8 30. Rc3 f5 31. exf6+ Nxf6 32. Rc7+ Nd7 33. Qb7 1-0

[Event "Wellington Mazur Memorial"]
[Site "Wellington"]
[Date "2010.11.02"]
[Round "3"]
[White "Havukkala, Ilkka"]
[Black "Wilkins, Mark"]
[Result "1/2-1/2"]
[WhiteElo "1600"]
[BlackElo "1921"]
[PlyCount "75"]
[EventDate "2010.10.19"]
[EventType "swiss"]
[EventRounds "8"]
[EventCountry "NZL"]
[SourceTitle "EXT 2018"]
[Source "ChessBase"]
[SourceDate "2017.10.13"]
[SourceVersion "1"]
[SourceVersionDate "2017.10.13"]
[SourceQuality "1"]

1. e4 c6 2. d4 d5 3. e5 Bf5 4. Bd3 Bxd3 5. Qxd3 e6 6. Ne2 Nd7 7. Ng3 c5 8. c3 Qc7 9. 0-0 Ne7 10. f4 g6 11. Na3 a6 12. Be3 c4 13. Qe2 h5 14. h4 Nf5 15. Nxf5 gxf5 16. Nc2 Be7 17. g3 0-0-0 18. Kf2 Rdg8 19. Ne1 Nf8 20. Nf3 Ng6 21. Ng5 Rg7 22. Rfb1 Bd8 23. Qd1 Ne7 24. b4 b6 25. a4 Ng8 26. a5 b5 27. Qe2 Nh6 28. Rg1 Ng4+ 29. Ke1 Re8 30. Kd2 Qe7 31. Kc2 Qf8 32. Rg2 Be7 33. Rb1 Qg8 34. Bd2 Kd7 35. Qf3 Qh8 36. Re2 Bxg5 37. fxg5 Qh7 38. Bf4 1/2-1/2

[Event "Wellington op"]
[Site "Wellington"]
[Date "2008.03.21"]
[Round "1"]
[White "Dive, Russell John"]
[Black "Wilkins, Mark"]
[Result "1-0"]
[WhiteElo "2341"]
[BlackElo "1981"]
[PlyCount "65"]
[EventDate "2008.03.21"]
[EventType "swiss"]
[EventRounds "6"]
[EventCountry "NZL"]
[SourceTitle "EXT 2018"]
[Source "ChessBase"]
[SourceDate "2017.10.13"]
[SourceVersion "1"]
[SourceVersionDate "2017.10.13"]
[SourceQuality "1"]

1. c4 Nf6 2. g3 c5 3. Bg2 Nc6 4. Nc3 g6 5. Rb1 Bg7 6. a3 a5 7. e3 d6 8. Nge2 0-0 9. 0-0 Bf5 10. d3 Ng4 11. h3 Nge5 12. e4 Bc8 13. f4 Nd7 14. Be3 Nb6 15. b3 e5 16. Nb5 Qe7 17. b4 axb4 18. axb4 Rd8 19. Qc2 Ra6 20. bxc5 dxc5 21. Rfd1 Nb4 22. Qb3 Be6 23. Rbc1 Ra2 24. Nec3 Rxg2+ 25. Kxg2 Rxd3 26. Rxd3 Nxd3 27. Nd5 Nxf4+ 28. gxf4 Nxd5 29. cxd5 exf4 30. Bxf4 Bc8 31. Nd6 Bd4 32. Nxc8 Qxe4+ 33. Qf3 1-0